Bordering Countries - Statistics

General Stats
  • This quiz has been taken 260 times
    189 since last reset
  • The average score is 35 of 40
Answer Stats
Hint Answer % Correct
Suriname Brazil
97%
Jordan Israël
97%
Bangladesh India
95%
Finland Russia
95%
Finland Sweden
95%
Suriname French Guiana
94%
Suriname Guyana
94%
Finland Norway
94%
Costa Rica Panama
94%
Botswana South Africa
94%
Kenya Tanzania
93%
Vietnam Laos
92%
Vietnam Cambodia
91%
Bosnia and Herzegovina Croatia
91%
Costa Rica Nicaragua
91%
Jordan Saudi Arabia
91%
Bosnia and Herzegovina Serbia
91%
Jordan Syria
91%
Indonesia Malaysia
90%
Bangladesh Myanmar
90%
Kenya Uganda
90%
Vietnam China
89%
Kenya Ethiopia
89%
Kenya Somalia
88%
Ivory Coast Ghana
87%
Jordan Iraq
87%
Belize Mexico
87%
Belize Guatemala
86%
Bosnia and Herzegovina Montenegro
86%
Indonesia Papua New Guinea
85%
Indonesia East Timor
84%
Botswana Zimbabwe
84%
Botswana Zambia
83%
Botswana Namibia
82%
Ivory Coast Burkina Faso
81%
Ivory Coast Libéria
76%
Ivory Coast Guinéa
75%
Kenya South Sudan
72%
Ivory Coast Mali
71%
Jordan Palestine
59%
No matching quizzes found
Score Distribution
Percent of People with Each Score
Percentile by Number Answered
Your Score History
You have not taken this quiz since the last reset